PRINCIPLES OF PHYSICS (Record no. 9312)
[ view plain ]
| 000 -LEADER | |
|---|---|
| fixed length control field | 01790nam a22001697a 4500 |
| 003 - CONTROL NUMBER IDENTIFIER | |
| control field | SGT |
| 020 ## - INTERNATIONAL STANDARD BOOK NUMBER | |
| International Standard Book Number | 9788126536047 |
| 082 ## - DEWEY DECIMAL CLASSIFICATION NUMBER | |
| Classification number | 530,WAL |
| 100 ## - MAIN ENTRY--PERSONAL NAME | |
| Personal name | WALKER,JEARL |
| 245 ## - TITLE STATEMENT | |
| Title | PRINCIPLES OF PHYSICS |
| Remainder of title | INTERNATIONAL STUDENT VERSION |
| 250 ## - EDITION STATEMENT | |
| Edition statement | 9TH |
| 260 ## - PUBLICATION, DISTRIBUTION, ETC. (IMPRINT) | |
| Place of publication, distribution, etc | NEW DELHI |
| Name of publisher, distributor, etc | WILEY INDIA |
| Year of Publication | 2013 |
| 300 ## - PAGE DESCRIPTION | |
| No. of Pages | 1248 |
| 650 ## - SUBJECT ADDED ENTRY--TOPICAL TERM | |
| Topical term or geographic name as entry element | PHYSICS |
| 653 ## - KEYWORDS--INDEX TERM | |
| Keyword term | PART 1. • MEASUREMENT. • MOTION ALONG A STRAIGHT LINE. • VECTORS. • MOTION IN TWO AND THREE DIMENSIONS. • FORCE AND MOTION -- I. • FORCE AND MOTION -- II. • KINETIC ENERGY AND WORK. • POTENTIAL ENERGY AND CONSERVATION OF ENERGY. • CENTER OF MASS AND LINEAR MOMENTUM. • ROTATION. • ROLLING, TORQUE AND ANGULAR MOMENTUM. PART 2. • EQUILIBRIUM AND ELASTICITY. • GRAVITATION. • FLUIDS. • OSCILLATIONS. • WAVES -- I. • WAVES -- II. • TEMPERATURE, HEAT, AND THE FIRST LAW OF THERMODYNAMICS. • THE KINETIC THEORY OF GASES. • ENTROPY AND THE SECOND LAW OF THERMODYNAMICS. VOLUME 2. PART 3. • ELECTRIC CHARGE. • ELECTRIC FIELDS. • GAUSS' LAW. • ELECTRIC POTENTIAL. • CAPACITANCE. • CURRENT AND RESISTANCE. • CIRCUITS. • MAGNETIC FIELDS. • MAGNETIC FIELDS DUE TO CURRENTS. • INDUCTION AND INDUCTANCE. • ELECTROMAGNETIC OSCILLATIONS AND ALTERNATING. • CURRENT. • MAXWELL'S EQUATIONS; MAGNETISM OF MATTER. PART 4. • ELECTROMAGNETIC WAVES. • IMAGES. • INTERFERENCE. • DIFFRACTION. • RELATIVITY. PART 5. • PHOTONS AND MATTER WAVES. • MORE ABOUT MATTER WAVES. • ALL ABOUT ATOMS. • CONDUCTION OF ELECTRICITY IN SOLIDS. • NUCLEAR PHYSICS. • ENERGY FROM THE NUCLEUS. • QUARKS, LEPTONS AND THE BIG BANG. |
| 942 ## - ADDED ENTRY ELEMENTS (KOHA) | |
| Source of classification or shelving scheme | Dewey Decimal Classification |
| Koha item type | FPS Books |
| 942 ## - ADDED ENTRY ELEMENTS (KOHA) | |
| -- | 2 |
| Withdrawn status | Lost status | Source of classification or shelving scheme | Damaged status | Not for loan | Collection code | Home library | Current library | Shelving location | Date acquired | Vendor Name | Cost, normal purchase price | SGTU | Bill Number | Total Checkouts | Full call number | Accession No. (Barcode) | Date last seen | Date last borrowed | Bill Date | Koha item type |
|---|---|---|---|---|---|---|---|---|---|---|---|---|---|---|---|---|---|---|---|---|
| Dewey Decimal Classification | SCIENCE | SGT Science & Social Sciences Library | SGT Science & Social Sciences Library | On Display | 29/06/2016 | SPARSH BOOKS | 749.00 | SGTU | 1294 | 9 | 530,WAL | PS568 | 02/12/2025 | 02/12/2025 | 26/11/2014 | FPS Books | ||||
| Dewey Decimal Classification | SCIENCE | SGT Science & Social Sciences Library | SGT Science & Social Sciences Library | On Display | 29/06/2016 | SPARSH BOOKS | 749.00 | SGTU | 1294 | 12 | 530,WAL | PS569 | 28/11/2025 | 19/11/2025 | 26/11/2014 | FPS Books |